Together with CUET UG-2022 Solved Question Bank ECONOMICS/BUSINESS ECOOMICS (Record no. 200669)

MARC details
000 -LEADER
fixed length control field 00702nam a22002297a 4500
005 - DATE AND TIME OF LATEST TRANSACTION
control field 20240212141146.0
010 ## - LCCN (DPL NO)
LC control number ENG-139165
020 ## - INTERNATIONAL STANDARD BOOK NUMBER
Terms of availability 179.00
International Standard Book Number 9789356181687
035 ## - SYSTEM CONTROL NUMBER
System control number EN-122697
037 ## - SOURCE OF ACQUISITION
Source of stock number/acquisition DBAD/PUB
082 ## - DEWEY DECIMAL CLASSIFICATION NUMBER
Classification number 000
Edition number 1
Item number 1
100 ## - MAIN ENTRY--PERSONAL NAME
Personal name Aggarwal Manoj
245 ## - TITLE STATEMENT
Title Together with CUET UG-2022 Solved Question Bank ECONOMICS/BUSINESS ECOOMICS
Statement of responsibility, etc By Manoj Kumar Aggarwal
Medium English
250 ## - EDITION STATEMENT
Edition statement 1
260 ## - PUBLICATION, DISTRIBUTION, ETC. (IMPRINT)
Place of publication, distribution, etc New Delhi-
Name of publisher, distributor, etc Rachna Sagar PVT. LTD.
270 ## - ADDRESS
City New Delhi
Address 4583/15 Daryaganj, New Delhi
Postal code 110002
300 ## - PHYSICAL DESCRIPTION
Extent 176p.
Dimensions 27cm(pbk)
700 ## - ADDED ENTRY--PERSONAL NAME
Personal name by Aggarwal Manoj
9 (RLIN) 61679
700 ## - ADDED ENTRY--PERSONAL NAME
9 (RLIN) 61680
700 ## - ADDED ENTRY--PERSONAL NAME
9 (RLIN) 61681
942 ## - ADDED ENTRY ELEMENTS (KOHA)
Source of classification or shelving scheme Dewey Decimal Classification
Item type English Books
Classification part 000
Edition 1
Call number suffix AGG
Holdings
Withdrawn status Lost status Not for loan Collection code Home library Current library Date acquired Source of acquisition Cost, normal purchase price Full call number Barcode Copy number Cost, replacement price Koha item type
      Non-fiction Sarojini Nagar Sarojini Nagar 12/02/2024 DBAD/PUB 179.00 000 AGG EN-122697 1 179.00 English Books

© Delhi Public Library
Hit Counter
free hit counter